000 00508nam a2200181Ia 4500
008 240925s9999 xx 000 0 und d
020 _a978933255051
082 _a005.43 HOL
100 _aTanenbaum, Andrew S.
245 0 _aOperating Systems Design and Implemention
250 _a1st
260 _aNew Delhi:
_bPearson Education
_c,2015.
300 _a580p.
_bNA
_fNA
500 _aIncludes Index
600 _aComputer Science
650 _aComputer science, information & general works
942 _cBK
999 _c13128
_d13128